শ্রীরামকৃষ্ণ জীবনী: (Record no. 28703)
[ view plain ]
| 000 -LEADER | |
|---|---|
| fixed length control field | 00788nam a22001937a 4500 |
| 003 - CONTROL NUMBER IDENTIFIER | |
| control field | BDDh-ASL |
| 005 - DATE AND TIME OF LATEST TRANSACTION | |
| control field | 20231016062619.0 |
| 008 - FIXED-LENGTH DATA ELEMENTS--GENERAL INFORMATION | |
| fixed length control field | 220501s1986 b ||||| |||| 00| 0 b d |
| 040 ## - CATALOGING SOURCE | |
| Transcribing agency | BDDh-ASL |
| 082 ## - DEWEY DECIMAL CLASSIFICATION NUMBER | |
| Classification number | 920.71 |
| Item number | TES |
| 100 1# - MAIN ENTRY--PERSONAL NAME | |
| 9 (RLIN) | 6193 |
| Personal name | তেজসানন্দ, স্বামী |
| 245 1# - TITLE STATEMENT | |
| Title | শ্রীরামকৃষ্ণ জীবনী: |
| Remainder of title | (লীলাপ্রসঙ্গ অবলম্বনে) / |
| 246 ## - VARYING FORM OF TITLE | |
| Title proper/short title | Sreeramkrisna Jiboni |
| 260 ## - PUBLICATION, DISTRIBUTION, ETC. | |
| Place of publication, distribution, etc. | ঢাকা: |
| Name of publisher, distributor, etc. | শ্রীরামকৃষ্ণ মঠ, |
| Date of publication, distribution, etc. | ১৯৮৬। |
| 300 ## - PHYSICAL DESCRIPTION | |
| Extent | ১৯২ পৃষ্ঠা: |
| Dimensions | ১৮ সে.মি. |
| 600 10 - SUBJECT ADDED ENTRY--PERSONAL NAME | |
| 9 (RLIN) | 6194 |
| Personal name | শ্রীরামকৃষ্ণ |
| 650 #0 - SUBJECT ADDED ENTRY--TOPICAL TERM | |
| Topical term or geographic name entry element | biographical dictionary - চরিতাভিধান |
| 9 (RLIN) | 4665 |
| 942 ## - ADDED ENTRY ELEMENTS (KOHA) | |
| Source of classification or shelving scheme | Dewey Decimal Classification |
| Koha item type | Books |
| Withdrawn status | Lost status | Source of classification or shelving scheme | Damaged status | Not for loan | Collection code | Home library | Current library | Shelving location | Date acquired | Source of acquisition | Total Checkouts | Full call number | Barcode | Date last seen | Copy number | Price effective from | Koha item type | Public note |
|---|---|---|---|---|---|---|---|---|---|---|---|---|---|---|---|---|---|---|
| Dewey Decimal Classification | Non-fiction | Asiatic Society Library | Asiatic Society Library | Sirajul Islam Collection | 05/01/2022 | Donated by Prof. Sirajul Islam FRHS | 920.71 TES | 116734 | 05/01/2022 | C-1 | 05/01/2022 | Books | RARE |